00926nam a2200241 i 450000100060000000300080000600500170001400800410003103500190007204000270009104100080011808200220012610000320014824501140018026000330029430000210032750002360034850400410058465000140062565000110063965000140065065000200066429230BD-RjUL20211209051403.0140402s1913 ge b 000 0 ger d a(BD-RjUL)29315 aDLCcDLCdBD-RjULbeng aeng a131.34bFRT 19131 aFreud, Sigmund,d1856-1939.10aTotem und Tabu :beinige Übereinstimmungen im Seelenleben der Wilden und der Neurotiker /cvon Sigm. Freud. aLeipzig :bH. Heller,c1913. a149 p. ;c26 cm. a"Sonderabdruck aus 'Imago,' Bd. I u. II, 1912/13." Reset in new type, with a new pref., several paragraphs omitted, and title changed from the original Über einige Übereinstimmungen im Seelenleben der Wilden und der Neurotiker. aIncludes bibliographical references. 0aNeuroses. 0aTaboo. 0aTotemism. 0aPsychoanalysis.